| 000 | 00350nam a22001457a 4500 | ||
|---|---|---|---|
| 008 | 210226b ||||| |||| 00| 0 eng d | ||
| 020 | _a9781563635113 | ||
| 041 | _aeng | ||
| 080 |
_22nd _a610.73 |
||
| 082 | _a610.73 | ||
| 100 | _a1 | ||
| 101 | _aINF | ||
| 245 |
_aPdr Drug Guide for Mental Health Professionals _cStratyner, H.B |
||
| 942 |
_2udc _cBK |
||
| 999 |
_c55248 _d55248 |
||